000 00784nam a2200229Ia 4500
003 OSt
005 20220923221651.0
006 a|||||r|||| 00| 0
007 ta
008 220922b |||||||| |||| 00| 0 hin d
024 _a199,189
037 _cTextual
040 _aARTS
_cARTS
_bhin
041 _2hin
_ahin
082 _aP31:4k, 152L0
100 _aजगन्नाथ, वी0 रा
_9165588
245 0 _aहिन्दी और तमिल की समानस्त्रीतीय भिन्नार्थी शब्दावली
246 _aHindī aur tamil kī samānastrītīya bhinnārthī shabdāvalī
260 _c1974
942 _hP31:4k, 152L0
_cTEXL
_2CC
999 _c350964
_d350964